LEADER 01310nam a2200301 a 4500 001 000000142250 003 CaOOAMICUS 005 20150311141958.0 008 150311s1981 it b u000 u ita r 040 $aPUL$bita 100 1 $aTabacco, Giovanni,$d1914-2002.$0(OLS)http://pul/name/5799 245 10$aMedioevo :$bV-XV secolo /$cGiovanni Tabacco, Grado Giovanni Merlo. 260 $aBologna :$bIl Mulino,$c1981. 300 $a663 p. :$bc. geogr. ;$c22 cm 490 1 $aCollezione di testi e studi.$aStoria 490 1 $aLa civiltą europea nella storia mondiale ;$v01 504 $aBibliografia in nota. 650 4$aMedioevo$xStoria$ySec. V-XV.$0(OLS)http://pul/subject/41391 700 1 $aMerlo, Grado Giovanni,$d1945-$0(OLS)http://pul/name/16717 830 0$aCollezione di testi e di studi.$pStoria.$0(OLS)http://pul/title/13345 830 3$aLa civiltą europea nella storia mondiale ;$v01.$0(OLS)http://pul/title/75478 850 $aPUL 852 $aPUL$W1$xDP1 Fondo Capitani$y116$m10 D 48$j43664$qFondi$B164269$CPULBib$Z2$F164269 $HCap1140 $82 941 1 $a1 961 $aNota ms. di possesso: Capitani. 996 $6245$aMedioevo :$bV-XV secolo$9(OLS)http://pul/title/134048 996 $6260$aBologna :$bIl Mulino$9(OLS)http://pul/publisher/47928 LEADER 01525nam a2200289 a 4500 001 000000122595 003 CaOOAMICUS 005 20131024171736.0 008 100726s2002 vc u000 u spa r 020 $a88-209-7392-8 040 $aPUL$bita$dReb 082 04$a261.8 110 2 $aPontificio consiglio della giustizia e della pace.$0(OLS)http://pul/name/20814 245 10$aJuan Pablo II y la familia de los pueblos :$bel Santo Padre al Cuerpo Diplomatico (1978-2002) /$cPontificio Consejo "justicia y paz" ; introduccion de S. E. Mons. Giampaolo Crepaldi. 260 $aCiudad del Vaticano :$bLibreria editrice vaticana,$c©2002. 300 $a325 p. ;$c21 cm. 600 04$aIohannes Paulus PP.$bII,$cs.,$d1920-2005$xConcilio Vaticano II.$0(OLS)http://pul/subject/15576 650 4$aDottrina sociale della Chiesa.$0(OLS)http://pul/subject/33229 700 1 $aCrepaldi, Giampaolo,$cvesc. di Bisarcio.$0(OLS)http://pul/name/33151 850 $aPUL 852 $aPUL$W1$xSL Religione 3$y85$m261. 8 PCGP 6$j140801$qDDC 21$B139885$CPULBib$Z2$F139885 $H114604 $82 941 1 $a9 960 $aDottrina sociale cristiana$933229 996 $6020$a88-209-7392-8$9(OLS)http://pul/number/145007 996 $6082$a261.8$9(OLS)http://pul/classification/367 996 $6245$aJuan Pablo II y la familia de los pueblos :$bel Santo Padre al Cuerpo Diplomatico (1978-2002)$9(OLS)http://pul/title/154491 996 $6260$aCiudad del Vaticano :$bLibreria editrice vaticana$9(OLS)http://pul/publisher/52687